| 000 | 00607nam a2200205 a 4500 | ||
|---|---|---|---|
| 001 | 3788 | ||
| 003 | CDMR | ||
| 005 | 20131202125502.0 | ||
| 008 | 130130s1988||||||||||||||||||||||||||||d | ||
| 020 | _a0870949764 | ||
| 040 |
_aCDMR _bcat _cCDMR |
||
| 100 | 1 |
_aAiles, Roger _92682 |
|
| 245 | 1 | 0 |
_aYou are the message _b: secrets of the Master Communicators _cRoger Ailes, with Jon Kraushar |
| 260 |
_aHomewood (Illinois) _c1988 _bDow Jones-Irwin |
||
| 300 |
_a185 p ; _c23 cm |
||
| 650 | 0 | 4 |
_92798 _aComunicació en l'empresa |
| 650 | 0 | 4 |
_93396 _aMÃ rqueting |
| 650 | 0 | 4 |
_93130 _aComunicació oral |
| 942 |
_cMON _2udc |
||
| 999 |
_c3788 _d3788 |
||